Pradoliny w Polsce - Statystyki

Ogólne statystyki
  • Ten quiz został rozwiązany 271 razy
  • Średni wynik to 7 z 10
Statystyki odpowiedzi
Pradolina % Poprawnych
Warszawsko-Berlińska
90%
Toruńsko-Eberswaldzka
83%
Pomorska
80%
Podkarpacka
72%
Wrocławsko-Magdeburska
71%
Redy-Łeby
69%
Górnej Wisły
60%
Biebrzy i Narwi
57%
Pilicy-Wieprza-Krzny
50%
Barucko-Głogowska
48%
Nie znaleziono quizów pasujących do podanych kryteriów
Rozkład punktacji
Procent ludzi z każdym wynikiem
Percentyl według liczby udzielonych odpowiedzi
Twoja historia wyników
Nie rozwiązałeś tego quizu